| 000 | 00431nam a22001817a 4500 | ||
|---|---|---|---|
| 005 | 20170919162258.0 | ||
| 008 | 160914b xxu||||| |||| 00| 0 eng d | ||
| 020 | _a978-81-8014-196-6 | ||
| 041 | _aeng | ||
| 082 | _a629.222 | ||
| 100 |
_aSingh,Dr Kirpal _93535 |
||
| 245 | _aAutomobile Engineering II | ||
| 250 | _a13th | ||
| 260 |
_bStandard publication _c2013 |
||
| 300 | _a732 | ||
| 650 |
_aEngineering _93957 |
||
| 942 | _cBK | ||
| 999 |
_c5232 _d5230 |
||